000 00572cam a2200217 4500
001 ABS61957
008 000000n2000 000 0 eng u
035 _a(Sirsi) u104505
100 _aSeidl, A.
245 2 _aA dot.conners' guide
260 _c2000
490 _aEstates Gazette
_v(0007) 19 February 2000, 62-63(2)
520 _aExplains the meaning of jargon connected with the internet.
590 _aABS
650 _aE-TAIL
650 _aISP
650 _aENCRYPTION
650 _aDOMAIN NAME
690 _aINFORMATION TECHNOLOGY-INTERNET
942 _n0
999 _c62706
_d62706